| 000 | 01158nam a2200313 i 4500 | ||
|---|---|---|---|
| 003 | DO-SdBNP | ||
| 005 | 20250304144248.0 | ||
| 007 | ta | ||
| 008 | 110301s2001 dr 000 0 spa d | ||
| 040 |
_aDO-SdBNP _bspa _cBNPHU _erda |
||
| 082 | 4 |
_a651.3 _bC569r _222 |
|
| 245 | 0 | 0 |
_a100 reglas de oro para secretarias excelentes / _crecopilación, Laura Mendieta ; revisión, Héctor Rodríguez ; prólogo, Austria G. Holguin'Veras C. |
| 246 | _aCien reglas de oro para secretarias excelentes | ||
| 264 | 1 |
_aSanto Domingo : _bFundación Metropolitana, _c2001. |
|
| 300 |
_a112 páginas : _c26 cm. |
||
| 336 |
_atexto _btxt _2rdacontent |
||
| 337 |
_asin mediación _bn _2rdamedia |
||
| 338 |
_avolumen _bnc _2rdacarrier |
||
| 504 | _aBibliografía : páginas 110 | ||
| 590 | _aInventariado, 2022/ YL | ||
| 650 | 4 |
_aPrácticas de oficina _946124 |
|
| 650 | 4 |
_aSecretarias _982034 |
|
| 650 | 4 |
_aSecretariado _982048 |
|
| 700 | 1 |
_aMendieta, Laura, _ecompilador _982035 |
|
| 700 | 1 |
_aRodríguez, Héctor, _erevisión _912028 |
|
| 700 | 1 |
_aHolguín-Veras C., Austria G., _eprologuista _982036 _4pr. |
|
| 910 | _aYLockward/Validado, 2022/MFF | ||
| 942 |
_2ddc _cLBS1 |
||
| 999 |
_c52198 _d52198 |
||